| 000 | 00598nam a22001697a 4500 | ||
|---|---|---|---|
| 003 | NUST | ||
| 038 | _aZafar Iqbal Malik | ||
| 082 | _a200 | ||
| 100 |
_aSadaf, Tahira _9127662 |
||
| 245 |
_aData Driven National Decision Support System for Management of Communicable Diseases/ _cTahira Sadaf |
||
| 264 |
_aRawalpindi _bCEME NUST _c2024 |
||
| 300 |
_a173, p. _c35 cm. |
||
| 650 |
_aPhD-Computer Software Engineering _9124478 |
||
| 700 |
_aSupervisor: Dr. Usman Qamar Co-Supervisor: Dr. Shoab Ahmed Khan _9127663 |
||
| 856 | _uhttp://10.250.8.41:8080/xmlui/handle/123456789/48094 | ||
| 942 |
_2ddc _cSC |
||
| 999 |
_c612723 _d612723 |
||